000 00262nam a2200097Ia 4500
008 240331s9999 xx 000 0 und d
082 _a303.4
_bEPS
100 _a Epstein S
245 0 _aVillage voices :
_bforty yars or rural transformation in South India
942 _cL
999 _c1235
_d1235